Devine le Joueur grâce aux Transferts - Statistiques

Statistiques générales
  • Ce quiz a été pris 122 fois
  • Le résultat moyen est 2 sur 6
Statistiques - réponses
Parcours Joueur % Correct
Olympique Lyonnais / Bayern München / Olympique Lyonnais Corentin Tolisso
94%
Barcelona / PSG / PSV / PSG / Leipzig / Tottenham Xavi Simons
68%
Peñarol / Real Madrid / RC Deportivo (prêt) / Real Madrid Federico Valverde
13%
Dinamo Zagreb / Lokomotiva (prêt) / HNK Rijeka / Leicester / Hoffenheim Andrej Kramarić
9%
Chelsea U23 / Vitesse (prêt) / Liverpool / Bournemouth / Tottenham Dominic Solanke
7%
CD Basconia / Athletic Bilbao / Elche (prêt) / Athletic Bilbao Unai Simon
3%
Aucun quiz correspondant
Distribution des résultats
% des personnes avec chaque résultat
Percentile par nombre de réponses
Votre historique - résultats
Vous n’avez pas pris ce quiz